Biggest Cities In Washington - Statistics

General Stats
  • This quiz has been taken 129 times
  • The average score is 11 of 20
Answer Stats
Hint Answer % Correct
608,660 Seattle
99%
208,916 Spokane
93%
198,397 Tacoma
91%
103,019 Everett
78%
122,363 Bellevue
74%
161,791 Vancouver
72%
91,067 Yakima
69%
80,855 Bellingham
68%
92,411 Kent
65%
73,917 Kennewick
52%
54,144 Redmond
52%
90,927 Renton
52%
89,306 Federal Way
48%
89,755 Spokane Valley
48%
70,180 Auburn
44%
59,781 Pasco
43%
60,020 Marysville
32%
58,163 Lakewood
26%
53,007 Shoreline
26%
52,431 South Hill
5%
No matching quizzes found
Score Distribution
Percent of People with Each Score
Percentile by Number Answered
Your Score History
You have not taken this quiz